00845cam a2200229 a 450000100100000000500170001000800410002704000230006808200200009110000260011124500440013726000480018130000280022949000280025750400300028565000400031565000520035583000360040791000340044395201230047799900150060000000600520200929151900.0880808s1986 cu a b f001 0 spa c aDO-SdBNPcCtYdDLC aCh868.44bC744s1 aConcha, Jaime.91691013aLa sangre y las letras /cJaime Concha. aLa Habana :bCasa de las Américas,c1986. a181 p. :bil. ;c23 cm.1 aCuadernos Casavvol. 31 aBibliografías : p. 182. 4aLiteratura chilenaySIGLOXXI916911 4aLiteratura chilenaxHistoria y crítica916912 0aCuadernos Casa,vvol. 31.93339 aCatalogación por copia / LC 001052708MOaGRbGRcCTd2009-08-25iLF1l0oCh868.44 C744sp6005-10r2020-06-25w2020-06-25y2ZPréstamo interno c5801d5801